[Event "World Chess Olympiad 2018"]
[Site "Batumi"]
[Date "2018.09.28"]
[Round "5"]
[Board "2"]
[WhiteFideId "20500254"]
[White "Mwale George"]
[BlackFideId "200778"]
[Black "Docx Stefan"]
[Result "0-1"]
[LiveChessVersion "1.4.8"]
[BlackElo "2427"]
[WhiteElo "2000"]

1. e4 {[%clk 1:30:56]} c5 {[%clk 1:30:51]} 2. Nf3 {[%clk 1:31:20]} d6
{[%clk 1:31:15]} 3. d4 {[%clk 1:31:47]} cxd4 {[%clk 1:31:40]} 4. Nxd4
{[%clk 1:32:09]} Nf6 {[%clk 1:32:05]} 5. Nc3 {[%clk 1:32:32]} a6 {[%clk 1:32:25]}
6. a4 {[%clk 1:32:52]} g6 {[%clk 1:32:42]} 7. Be2 {[%clk 1:33:10]} Bg7
{[%clk 1:33:06]} 8. O-O {[%clk 1:33:28]} O-O {[%clk 1:33:30]} 9. Be3
{[%clk 1:33:29]} Nc6 {[%clk 1:33:54]} 10. h3 {[%clk 1:33:23]} Bd7
{[%clk 1:34:10]} 11. Qd2 {[%clk 1:33:34]} Rc8 {[%clk 1:34:30]} 12. Rac1
{[%clk 1:31:55]} Re8 {[%clk 1:31:10]} 13. f4 {[%clk 1:28:45]} Nxd4
{[%clk 1:23:28]} 14. Bxd4 {[%clk 1:28:46]} e5 {[%clk 1:23:37]} 15. fxe5
{[%clk 1:26:34]} dxe5 {[%clk 1:23:59]} 16. Be3 {[%clk 1:26:26]} b5
{[%clk 1:11:28]} 17. axb5 {[%clk 1:03:39]} axb5 {[%clk 1:11:19]} 18. b4
{[%clk 0:59:16]} Bc6 {[%clk 1:01:25]} 19. Qxd8 {[%clk 0:58:29]} Rexd8
{[%clk 1:01:52]} 20. Bg5 {[%clk 0:58:22]} Rd6 {[%clk 1:01:55]} 21. Bxf6
{[%clk 0:54:23]} Rxf6 {[%clk 0:59:54]} 22. Nd5 {[%clk 0:38:34]} Rxf1+
{[%clk 0:58:53]} 23. Kxf1 {[%clk 0:38:41]} Bf8 {[%clk 0:56:08]} 24. Rd1
{[%clk 0:36:06]} Kg7 {[%clk 0:55:52]} 25. g4 {[%clk 0:32:48]} f6 {[%clk 0:52:55]}
26. h4 {[%clk 0:25:24]} Kf7 {[%clk 0:47:56]} 27. c4 {[%clk 0:20:56]} bxc4
{[%clk 0:46:46]} 28. Nb6 {[%clk 0:15:37]} Rb8 {[%clk 0:46:47]} 29. Bxc4+
{[%clk 0:15:23]} Kg7 {[%clk 0:46:28]} 30. Nd5 {[%clk 0:13:12]} Bxb4
{[%clk 0:46:34]} 31. Rb1 {[%clk 0:13:05]} Bd6 {[%clk 0:46:54]} 32. Rxb8
{[%clk 0:13:03]} Bxb8 {[%clk 0:47:21]} 33. Kf2 {[%clk 0:12:59]} Ba7+
{[%clk 0:46:57]} 34. Kf3 {[%clk 0:12:46]} Bc5 {[%clk 0:46:29]} 35. Ba2
{[%clk 0:12:29]} Bd4 {[%clk 0:45:53]} 36. Ne3 {[%clk 0:10:52]} Bxe3
{[%clk 0:42:39]} 37. Kxe3 {[%clk 0:11:20]} Ba4 {[%clk 0:42:37]} 38. Be6
{[%clk 0:10:40]} Bc2 {[%clk 0:42:37]} 39. Bc8 {[%clk 0:10:12]} Kf7
{[%clk 0:41:00]} 40. Bd7 {[%clk 0:40:18]} Ke7 {[%clk 1:11:06]} 41. Bc8
{[%clk 0:38:17]} Kd6 {[%clk 1:10:54]} 42. Kf3 {[%clk 0:32:14]} Kc5
{[%clk 1:09:55]} 43. Ke3 {[%clk 0:32:23]} Kd6 {[%clk 1:10:05]} 44. Ba6
{[%clk 0:30:16]} Bd1 {[%clk 1:09:50]} 45. Bc8 {[%clk 0:23:28]} h6
{[%clk 1:09:18]} 46. Kf2 {[%clk 0:22:20]} Ba4 {[%clk 1:08:19]} 47. Kf3
{[%clk 0:19:49]} Bd7 {[%clk 1:07:56]} 48. Ba6 {[%clk 0:19:45]} Kc5
{[%clk 1:08:06]} 49. Bb7 {[%clk 0:19:40]} Kd4 {[%clk 1:08:09]} 50. h5
{[%clk 0:10:32]} g5 {[%clk 1:08:02]} 51. Bd5 {[%clk 0:07:57]} Ba4
{[%clk 1:06:39]} 52. Ke2 {[%clk 0:07:28]} Bc2 {[%clk 1:07:01]} 53. Kf3
{[%clk 0:07:25]} Bd1+ {[%clk 1:07:24]} 54. Kg3 {[%clk 0:07:38]} Ke3
{[%clk 1:07:49]} 55. Bc6 {[%clk 0:06:43]} Bc2 {[%clk 1:08:09]} 56. Bd7
{[%clk 0:06:46]} Bxe4 0-1

[Event "World Chess Olympiad 2018"]
[Site "Batumi"]
[Date "2018.09.28"]
[Round "5"]
[Board "3"]
[WhiteFideId "240990"]
[White "Dardha Daniel"]
[BlackFideId "16400119"]
[Black "Chipanga Chiletso"]
[Result "1-0"]
[LiveChessVersion "1.4.8"]
[BlackElo "2153"]
[WhiteElo "2299"]

1. e4 {[%clk 1:30:52]} c5 {[%clk 1:30:55]} 2. Nf3 {[%clk 1:31:12]} Nc6
{[%clk 1:31:19]} 3. Bb5 {[%clk 1:31:35]} Qc7 {[%clk 1:31:25]} 4. O-O
{[%clk 1:31:38]} e6 {[%clk 1:31:13]} 5. Re1 {[%clk 1:31:49]} Bd6 {[%clk 1:30:15]}
6. c3 {[%clk 1:31:12]} Ne5 {[%clk 1:28:56]} 7. Nxe5 {[%clk 1:28:01]} Bxe5
{[%clk 1:29:23]} 8. g3 {[%clk 1:28:15]} Qb6 {[%clk 1:24:41]} 9. Na3
{[%clk 1:25:22]} Ne7 {[%clk 1:23:51]} 10. Bf1 {[%clk 1:25:19]} Bb8
{[%clk 1:23:48]} 11. d4 {[%clk 1:15:53]} cxd4 {[%clk 1:21:07]} 12. Nc4
{[%clk 1:07:51]} Qd8 {[%clk 1:20:59]} 13. Qxd4 {[%clk 1:06:06]} O-O
{[%clk 1:17:28]} 14. Bg2 {[%clk 0:51:04]} Nc6 {[%clk 1:13:28]} 15. Qd1
{[%clk 0:48:21]} d6 {[%clk 1:07:48]} 16. a4 {[%clk 0:43:07]} e5 {[%clk 1:01:22]}
17. Ne3 {[%clk 0:34:34]} Be6 {[%clk 0:57:59]} 18. b3 {[%clk 0:31:54]} Ne7
{[%clk 0:53:53]} 19. Ba3 {[%clk 0:28:52]} Qb6 {[%clk 0:52:41]} 20. Rb1
{[%clk 0:27:56]} Bc7 {[%clk 0:48:47]} 21. c4 {[%clk 0:25:32]} a5 {[%clk 0:43:47]}
22. Qc1 {[%clk 0:20:06]} Rfc8 {[%clk 0:32:19]} 23. Kh1 {[%clk 0:19:01]} Qc6
{[%clk 0:21:53]} 24. Nf5 {[%clk 0:18:25]} Qd7 {[%clk 0:18:14]} 25. Nxe7+
{[%clk 0:18:41]} Qxe7 {[%clk 0:18:42]} 26. f4 {[%clk 0:18:17]} exf4
{[%clk 0:19:00]} 27. gxf4 {[%clk 0:15:11]} Qh4 {[%clk 0:17:11]} 28. Qe3
{[%clk 0:12:50]} Re8 {[%clk 0:12:58]} 29. Qg3 {[%clk 0:11:12]} Qh6
{[%clk 0:13:02]} 30. Rf1 {[%clk 0:07:43]} f5 {[%clk 0:12:42]} 31. exf5
{[%clk 0:06:57]} Bxf5 {[%clk 0:13:04]} 32. Rbe1 {[%clk 0:06:58]} Rxe1
{[%clk 0:04:33]} 33. Rxe1 {[%clk 0:07:15]} Rf8 {[%clk 0:04:50]} 34. Qg5
{[%clk 0:01:59]} Qxg5 {[%clk 0:01:49]} 35. Bd5+ {[%clk 0:02:28]} Kh8
{[%clk 0:01:44]} 36. fxg5 {[%clk 0:02:55]} b6 {[%clk 0:01:31]} 37. h4
{[%clk 0:02:25]} Bc2 {[%clk 0:01:36]} 38. Re7 {[%clk 0:02:09]} Bd8
{[%clk 0:01:58]} 39. Rd7 {[%clk 0:01:30]} Bf5 {[%clk 0:01:35]} 40. Ra7
{[%clk 0:31:17]} Re8 {[%clk 0:30:53]} 41. Ra8 {[%clk 0:14:42]} h6
{[%clk 0:28:29]} 42. Bxd6 {[%clk 0:11:07]} Kh7 {[%clk 0:28:15]} 43. gxh6
{[%clk 0:09:17]} Re1+ {[%clk 0:24:09]} 44. Kg2 {[%clk 0:08:27]} Bxh4
{[%clk 0:24:28]} 45. hxg7 {[%clk 0:08:24]} Kxg7 {[%clk 0:24:33]} 46. Rb8
{[%clk 0:07:06]} Re2+ {[%clk 0:22:12]} 47. Kf3 {[%clk 0:07:21]} Rf2+
{[%clk 0:21:43]} 48. Ke3 {[%clk 0:07:47]} Ra2 {[%clk 0:21:41]} 49. Be5+
{[%clk 0:07:54]} Kh6 {[%clk 0:16:08]} 50. Rh8+ {[%clk 0:08:06]} Kg5
{[%clk 0:16:24]} 51. Bf4+ {[%clk 0:08:29]} Kg4 {[%clk 0:16:41]} 52. Bf3+
{[%clk 0:08:54]} 1-0

[Event "World Chess Olympiad 2018"]
[Site "Batumi"]
[Date "2018.09.28"]
[Round "5"]
[Board "4"]
[WhiteFideId "16400135"]
[White "Mwale Joseph"]
[BlackFideId "13300865"]
[Black "Hovhannisyan Mher"]
[Result "1/2-1/2"]
[LiveChessVersion "1.4.8"]
[BlackElo "2483"]
[WhiteElo "2231"]

1. Nf3 {[%clk 1:30:57]} d5 {[%clk 1:30:51]} 2. g3 {[%clk 1:31:23]} Nf6
{[%clk 1:31:13]} 3. Bg2 {[%clk 1:31:47]} e6 {[%clk 1:30:54]} 4. O-O
{[%clk 1:32:11]} Be7 {[%clk 1:30:56]} 5. d4 {[%clk 1:32:36]} O-O {[%clk 1:29:20]}
6. c4 {[%clk 1:33:00]} Nbd7 {[%clk 1:26:31]} 7. b3 {[%clk 1:32:31]} b6
{[%clk 1:19:42]} 8. Nc3 {[%clk 1:31:48]} Bb7 {[%clk 1:19:48]} 9. Bb2
{[%clk 1:31:34]} c5 {[%clk 1:19:17]} 10. cxd5 {[%clk 1:30:46]} Nxd5
{[%clk 1:13:09]} 11. Nxd5 {[%clk 1:30:37]} Bxd5 {[%clk 1:09:57]} 12. dxc5
{[%clk 1:28:04]} Nxc5 {[%clk 1:04:28]} 13. Ne5 {[%clk 1:22:13]} Bxg2
{[%clk 1:02:41]} 14. Kxg2 {[%clk 1:22:29]} Rc8 {[%clk 0:57:45]} 15. Qxd8
{[%clk 1:21:08]} Rfxd8 {[%clk 0:58:02]} 16. Rfd1 {[%clk 1:21:31]} Kf8
{[%clk 0:36:32]} 17. Rac1 {[%clk 1:20:53]} f6 {[%clk 0:32:11]} 18. Nf3
{[%clk 1:20:27]} Rxd1 {[%clk 0:25:29]} 19. Rxd1 {[%clk 1:20:50]} Ne4
{[%clk 0:24:36]} 20. Rd4 {[%clk 1:17:10]} Rc2 {[%clk 0:23:37]} 21. Rxe4
{[%clk 1:10:34]} Rxb2 {[%clk 0:24:00]} 22. Rxe6 {[%clk 1:11:01]} Rxa2
{[%clk 0:15:32]} 23. Nd4 {[%clk 1:09:29]} Bc5 {[%clk 0:15:30]} 24. Nb5
{[%clk 1:02:55]} Kf7 {[%clk 0:14:19]} 25. Re4 {[%clk 1:02:44]} a5
{[%clk 0:13:36]} 26. Nc3 {[%clk 0:56:14]} Rb2 {[%clk 0:10:59]} 27. Na4
{[%clk 0:56:31]} Rxb3 {[%clk 0:11:23]} 28. Nxc5 {[%clk 0:56:07]} bxc5
{[%clk 0:11:50]} 29. Ra4 {[%clk 0:56:28]} Rb5 {[%clk 0:12:17]} 30. Kf3
{[%clk 0:56:51]} Ke6 {[%clk 0:12:43]} 31. Ke3 {[%clk 0:54:30]} Kd5
{[%clk 0:12:48]} 32. Kd3 {[%clk 0:54:33]} Kc6 {[%clk 0:12:04]} 33. h4
{[%clk 0:54:36]} h5 {[%clk 0:11:00]} 34. Kc3 {[%clk 0:44:49]} Kd5
{[%clk 0:06:00]} 35. Rf4 {[%clk 0:39:02]} Kc6 {[%clk 0:03:50]} 36. Ra4
{[%clk 0:39:01]} Kb6 {[%clk 0:03:17]} 37. Re4 {[%clk 0:38:49]} Ka6
{[%clk 0:01:16]} 38. Re8 {[%clk 0:37:24]} Rb4 {[%clk 0:00:44]} 39. Rc8
{[%clk 0:31:05]} Kb6 {[%clk 0:00:49]} 40. Rg8 {[%clk 0:57:08]} Rg4
{[%clk 0:30:43]} 41. Rb8+ {[%clk 0:57:26]} Kc6 {[%clk 0:30:24]} 42. Rc8+
{[%clk 0:56:01]} Kd6 {[%clk 0:22:45]} 43. Rd8+ {[%clk 0:55:14]} Ke6
{[%clk 0:20:09]} 44. Re8+ {[%clk 0:45:50]} Kd7 {[%clk 0:19:16]} 45. Rh8
{[%clk 0:45:10]} g6 {[%clk 0:17:47]} 46. Ra8 {[%clk 0:45:23]} a4 {[%clk 0:13:43]}
47. Ra5 Kd6 {[%clk 0:06:25]} 48. Ra6+ {[%clk 0:42:08]} Ke7 {[%clk 0:03:25]} 49.
Ra7+ {[%clk 0:41:08]} Ke6 {[%clk 0:03:32]} 50. Ra6+ {[%clk 0:41:31]} Kf5
{[%clk 0:01:37]} 51. Ra5 {[%clk 0:41:23]} Re4 {[%clk 0:01:04]} 52. Kd3
{[%clk 0:39:59]} Rd4+ {[%clk 0:01:06]} 53. Kc3 {[%clk 0:40:25]} Re4
{[%clk 0:01:33]} 54. Kd3 {[%clk 0:40:53]} 1/2-1/2

[Event "World Chess Olympiad 2018"]
[Site "Batumi"]
[Date "2018.09.28"]
[Round "5"]
[Board "1"]
[WhiteFideId "16301188"]
[White "Bai Adelard"]
[BlackFideId "12300675"]
[Black "Kayastha Madan Krishna"]
[Result "0-1"]
[LiveChessVersion "1.4.8"]
[BlackElo "2077"]
[WhiteElo "2111"]

1. d4 {[%clk 1:30:43]} Nf6 {[%clk 1:30:33]} 2. c4 {[%clk 1:31:00]} e6
{[%clk 1:30:58]} 3. Nc3 {[%clk 1:31:21]} Bb4 {[%clk 1:30:41]} 4. e3
{[%clk 1:31:28]} b6 {[%clk 1:31:00]} 5. Bd2 {[%clk 1:31:27]} Bb7 {[%clk 1:30:12]}
6. Nf3 {[%clk 1:31:48]} O-O {[%clk 1:28:47]} 7. Bd3 {[%clk 1:32:12]} d5
{[%clk 1:28:37]} 8. cxd5 {[%clk 1:32:34]} exd5 {[%clk 1:28:30]} 9. O-O
{[%clk 1:30:39]} Bd6 {[%clk 1:25:25]} 10. Rc1 {[%clk 1:30:47]} a6
{[%clk 1:23:42]} 11. Ne5 {[%clk 1:31:10]} c5 {[%clk 1:23:31]} 12. f4
{[%clk 1:28:14]} Nc6 {[%clk 1:16:12]} 13. Be1 {[%clk 1:26:23]} cxd4
{[%clk 1:14:10]} 14. Nxc6 {[%clk 1:26:47]} Bxc6 {[%clk 1:14:29]} 15. exd4
{[%clk 1:27:10]} Bb7 {[%clk 1:12:42]} 16. Qf3 {[%clk 1:17:45]} Re8
{[%clk 1:05:42]} 17. Bh4 {[%clk 1:09:25]} Be7 {[%clk 1:05:39]} 18. Bxf6
{[%clk 1:05:27]} Bxf6 {[%clk 1:06:03]} 19. Ne2 {[%clk 1:05:45]} Qe7
{[%clk 1:00:13]} 20. Rc3 {[%clk 1:03:45]} Rac8 {[%clk 0:52:59]} 21. Qh3
{[%clk 1:01:59]} g6 {[%clk 0:48:07]} 22. Rf3 {[%clk 1:01:06]} b5 {[%clk 0:46:08]}
23. f5 {[%clk 0:52:26]} b4 {[%clk 0:40:32]} 24. Rxc8 {[%clk 0:51:54]} Bxc8
{[%clk 0:39:39]} 25. Qg3 {[%clk 0:45:46]} Bg7 {[%clk 0:31:26]} 26. fxg6
{[%clk 0:45:52]} hxg6 {[%clk 0:28:56]} 27. h3 {[%clk 0:42:10]} Bf5
{[%clk 0:23:32]} 28. Rf2 {[%clk 0:36:37]} Be4 {[%clk 0:17:27]} 29. Qe3
{[%clk 0:32:46]} Bxd3 {[%clk 0:08:52]} 30. Qxd3 {[%clk 0:33:00]} a5
{[%clk 0:09:03]} 31. Qb5 {[%clk 0:29:40]} Bh6 {[%clk 0:08:31]} 32. Kh1
{[%clk 0:29:10]} Be3 {[%clk 0:07:20]} 33. Rf3 {[%clk 0:29:24]} Bh6
{[%clk 0:04:08]} 34. Nf4 {[%clk 0:24:18]} Bxf4 {[%clk 0:01:11]} 35. Rxf4
{[%clk 0:24:42]} Qd8 {[%clk 0:01:24]} 36. Qf1 {[%clk 0:20:28]} Qd7
{[%clk 0:01:23]} 37. Qf3 {[%clk 0:18:25]} Re1+ {[%clk 0:01:37]} 38. Kh2
{[%clk 0:18:48]} Qc7 {[%clk 0:01:48]} 39. Qf2 {[%clk 0:15:20]} Rc1
{[%clk 0:01:40]} 40. Qg3 {[%clk 0:44:42]} Rb1 {[%clk 0:31:50]} 41. Rf2
{[%clk 0:18:05]} Rh1+ {[%clk 0:29:36]} 42. Kxh1 {[%clk 0:18:26]} Qxg3
{[%clk 0:29:59]} 43. Rc2 {[%clk 0:18:39]} Qd3 {[%clk 0:30:01]} 44. Rc5
{[%clk 0:18:54]} Qxd4 {[%clk 0:30:20]} 45. Rxa5 {[%clk 0:19:15]} Qxb2
{[%clk 0:30:38]} 46. Rxd5 {[%clk 0:19:35]} Qxa2 {[%clk 0:30:57]} 0-1

[Event "World Chess Olympiad 2018"]
[Site "Batumi"]
[Date "2018.09.28"]
[Round "5"]
[Board "2"]
[WhiteFideId "12303135"]
[White "Thing Bibek"]
[BlackFideId "3203824"]
[Black "Song Raymond"]
[Result "1/2-1/2"]
[LiveChessVersion "1.4.8"]
[BlackElo "2305"]
[WhiteElo "2237"]

1. e4 {[%clk 1:29:40]} c5 {[%clk 1:30:54]} 2. c3 {[%clk 1:24:10]} Nf6
{[%clk 1:31:15]} 3. e5 {[%clk 1:24:30]} Nd5 {[%clk 1:31:42]} 4. g3
{[%clk 1:24:46]} e6 {[%clk 1:28:11]} 5. Bg2 {[%clk 1:25:08]} Nc6 {[%clk 1:28:24]}
6. Nf3 {[%clk 1:25:33]} d6 {[%clk 1:28:06]} 7. exd6 {[%clk 1:24:02]} Bxd6
{[%clk 1:28:00]} 8. O-O {[%clk 1:24:26]} O-O {[%clk 1:28:26]} 9. d4
{[%clk 1:24:54]} cxd4 {[%clk 1:26:58]} 10. Nxd4 {[%clk 1:25:23]} Nxd4
{[%clk 1:21:14]} 11. Qxd4 {[%clk 1:23:30]} Be7 {[%clk 1:18:23]} 12. Rd1
{[%clk 1:18:01]} Bf6 {[%clk 1:18:21]} 13. Qg4 {[%clk 1:15:57]} Qc7
{[%clk 1:12:40]} 14. Bg5 {[%clk 1:10:56]} e5 {[%clk 1:03:50]} 15. Qh4
{[%clk 1:10:01]} Bxg5 {[%clk 1:04:15]} 16. Qxg5 {[%clk 1:10:22]} Nb6
{[%clk 1:04:29]} 17. Na3 {[%clk 1:08:08]} f6 {[%clk 1:00:47]} 18. Qh4
{[%clk 0:57:52]} Bd7 {[%clk 0:58:24]} 19. c4 {[%clk 0:50:24]} Bc6
{[%clk 0:49:02]} 20. b3 {[%clk 0:48:55]} Rad8 {[%clk 0:37:38]} 21. Qh3
{[%clk 0:44:04]} f5 {[%clk 0:35:50]} 22. Nc2 {[%clk 0:37:52]} e4 {[%clk 0:34:10]}
23. Qh4 {[%clk 0:36:30]} Nd7 {[%clk 0:31:47]} 24. Qe7 {[%clk 0:28:16]} Rfe8
{[%clk 0:30:06]} 25. Qd6 {[%clk 0:25:36]} Qc8 {[%clk 0:30:16]} 26. Qf4
{[%clk 0:24:12]} Nc5 {[%clk 0:27:08]} 27. Rxd8 {[%clk 0:17:31]} Rxd8
{[%clk 0:26:31]} 28. Ne3 {[%clk 0:16:13]} g6 {[%clk 0:25:54]} 29. Qg5
{[%clk 0:16:03]} Rf8 {[%clk 0:24:45]} 30. b4 {[%clk 0:14:08]} Nd3
{[%clk 0:20:48]} 31. b5 {[%clk 0:14:35]} Bd7 {[%clk 0:19:39]} 32. Nd5
{[%clk 0:14:07]} Qxc4 {[%clk 0:14:51]} 33. Nf6+ {[%clk 0:13:45]} Kg7
{[%clk 0:14:19]} 34. Nh5+ {[%clk 0:12:10]} Kh8 {[%clk 0:13:10]} 35. Nf4
{[%clk 0:10:39]} Qd4 {[%clk 0:11:47]} 36. Rf1 {[%clk 0:09:32]} Nxf4
{[%clk 0:11:58]} 37. Qxf4 {[%clk 0:09:54]} Bxb5 {[%clk 0:11:56]} 38. Rc1
{[%clk 0:09:22]} Bc6 {[%clk 0:12:09]} 39. h4 {[%clk 0:08:49]} a5 {[%clk 0:06:00]}
40. h5 {[%clk 0:39:06]} gxh5 {[%clk 0:35:57]} 41. Bf1 {[%clk 0:37:48]} h4
{[%clk 0:31:44]} 42. Qxh4 {[%clk 0:32:59]} f4 {[%clk 0:31:43]} 43. Rc4
{[%clk 0:26:28]} Qf6 {[%clk 0:29:03]} 44. Qxf6+ {[%clk 0:26:29]} Rxf6
{[%clk 0:29:31]} 45. gxf4 {[%clk 0:26:35]} Rxf4 {[%clk 0:30:00]} 46. Rc5
{[%clk 0:26:43]} a4 {[%clk 0:27:43]} 47. Bb5 {[%clk 0:25:58]} Rf6
{[%clk 0:23:08]} 48. Bxc6 {[%clk 0:26:07]} Rxc6 {[%clk 0:23:04]} 49. Rb5
{[%clk 0:26:18]} Rc2 {[%clk 0:21:31]} 50. Rxb7 {[%clk 0:26:29]} e3
{[%clk 0:20:24]} 51. fxe3 {[%clk 0:26:27]} Rxa2 {[%clk 0:20:53]} 52. Ra7
{[%clk 0:26:42]} a3 {[%clk 0:21:21]} 53. e4 {[%clk 0:19:18]} Kg8 {[%clk 0:21:43]}
54. e5 {[%clk 0:19:39]} h6 {[%clk 0:21:41]} 55. Kh1 {[%clk 0:16:38]} Kf8
{[%clk 0:22:10]} 56. Kg1 {[%clk 0:16:13]} Ke8 {[%clk 0:22:39]} 57. Kh1
{[%clk 0:15:36]} Kd8 {[%clk 0:23:08]} 58. Kg1 {[%clk 0:14:22]} Ra1+
{[%clk 0:22:49]} 59. Kg2 {[%clk 0:13:36]} Kc8 {[%clk 0:22:36]} 60. e6
{[%clk 0:13:52]} Kd8 {[%clk 0:23:05]} 61. Kh2 {[%clk 0:14:10]} Ra2+
{[%clk 0:23:19]} 62. Kg1 {[%clk 0:13:58]} h5 {[%clk 0:22:59]} 63. Kh1
{[%clk 0:14:26]} h4 {[%clk 0:23:17]} 64. Kg1 {[%clk 0:14:47]} h3 {[%clk 0:23:46]}
65. Kh1 {[%clk 0:15:09]} h2 {[%clk 0:24:15]} 66. Rd7+ Kc8 {[%clk 0:23:51]} 67.
Ra7 {[%clk 0:15:45]} Kd8 {[%clk 0:24:11]} 68. Rd7+ {[%clk 0:16:11]} Kc8
{[%clk 0:24:20]} 1/2-1/2

[Event "World Chess Olympiad 2018"]
[Site "Batumi"]
[Date "2018.09.28"]
[Round "5"]
[Board "3"]
[WhiteFideId "16300440"]
[White "Yang Ching Wei Austin"]
[BlackFideId "12300870"]
[Black "Jaiswal Rupesh"]
[Result "0-1"]
[LiveChessVersion "1.4.8"]
[BlackElo "2165"]
[WhiteElo "2198"]

1. e4 {[%clk 1:30:51]} e6 {[%clk 1:30:56]} 2. d4 {[%clk 1:31:18]} d5
{[%clk 1:31:23]} 3. Nd2 {[%clk 1:31:45]} Nf6 {[%clk 1:31:25]} 4. e5
{[%clk 1:32:05]} Nfd7 {[%clk 1:31:53]} 5. Bd3 {[%clk 1:32:30]} c5
{[%clk 1:32:19]} 6. c3 {[%clk 1:32:57]} Nc6 {[%clk 1:32:45]} 7. Ne2
{[%clk 1:33:24]} cxd4 {[%clk 1:33:01]} 8. cxd4 {[%clk 1:33:52]} f6
{[%clk 1:33:18]} 9. Nf4 {[%clk 1:34:19]} Nxd4 {[%clk 1:33:08]} 10. Qh5+
{[%clk 1:34:42]} Ke7 {[%clk 1:33:23]} 11. Ng6+ {[%clk 1:34:53]} hxg6
{[%clk 1:33:25]} 12. exf6+ {[%clk 1:35:19]} Nxf6 {[%clk 1:33:35]} 13. Qxh8
{[%clk 1:35:44]} Kf7 {[%clk 1:33:44]} 14. O-O {[%clk 1:36:04]} e5
{[%clk 1:33:09]} 15. Nb3 {[%clk 1:36:31]} Nxb3 {[%clk 1:31:49]} 16. axb3
{[%clk 1:35:06]} e4 {[%clk 1:32:01]} 17. Be2 {[%clk 1:35:25]} Qb6
{[%clk 1:22:08]} 18. Be3 {[%clk 1:26:00]} d4 {[%clk 1:22:07]} 19. Bc4+
{[%clk 1:14:02]} Be6 20. Bxe6+ {[%clk 1:09:17]} Kxe6 {[%clk 1:22:08]} 21. Bg5
{[%clk 1:08:32]} Kf7 {[%clk 1:18:08]} 22. Rfe1 {[%clk 0:57:53]} Re8
{[%clk 1:16:46]} 23. Bxf6 {[%clk 0:37:08]} gxf6 24. Qh4 f5 {[%clk 1:14:40]} 25.
g4 {[%clk 0:35:16]} f4 {[%clk 1:01:12]} 26. g5 {[%clk 0:34:33]} Qc7
{[%clk 1:00:49]} 27. Rec1 {[%clk 0:25:08]} Qe5 {[%clk 0:57:11]} 28. Rxa7
{[%clk 0:23:39]} Re7 {[%clk 0:56:44]} 29. Rc8 {[%clk 0:21:44]} Bg7
{[%clk 0:54:54]} 30. Qh7 {[%clk 0:14:38]} Qxg5+ {[%clk 0:54:07]} 31. Kh1
{[%clk 0:15:07]} f3 {[%clk 0:50:57]} 32. Qg8+ {[%clk 0:15:03]} Kf6
{[%clk 0:51:11]} 33. Ra6+ {[%clk 0:03:39]} bxa6 {[%clk 0:48:42]} 34. Rc6+
{[%clk 0:04:07]} Kf5 {[%clk 0:48:39]} 35. Rc5+ {[%clk 0:02:02]} Re5
{[%clk 0:47:55]} 36. Qc8+ {[%clk 0:00:35]} Kf4 {[%clk 0:48:03]} 0-1

[Event "World Chess Olympiad 2018"]
[Site "Batumi"]
[Date "2018.09.28"]
[Round "5"]
[Board "4"]
[WhiteFideId "12300403"]
[White "Rajbhandari Rijendra"]
[BlackFideId "16300416"]
[Black "Liu Yeh Yang"]
[Result "1-0"]
[LiveChessVersion "1.4.8"]
[BlackElo "1926"]
[WhiteElo "1937"]

1. d4 {[%clk 1:30:53]} Nf6 {[%clk 1:30:58]} 2. c4 {[%clk 1:31:11]} c5
{[%clk 1:31:25]} 3. d5 {[%clk 1:31:09]} b5 {[%clk 1:31:52]} 4. cxb5
{[%clk 1:30:55]} a6 {[%clk 1:32:21]} 5. bxa6 {[%clk 1:30:28]} Bxa6
{[%clk 1:32:48]} 6. Nc3 {[%clk 1:30:14]} d6 {[%clk 1:33:13]} 7. g3
{[%clk 1:29:45]} g6 {[%clk 1:33:39]} 8. Bg2 {[%clk 1:29:56]} Bg7 {[%clk 1:34:08]}
9. Nf3 {[%clk 1:29:57]} O-O {[%clk 1:34:30]} 10. O-O {[%clk 1:29:43]} Nbd7
{[%clk 1:34:58]} 11. Rb1 {[%clk 1:27:27]} Ng4 {[%clk 1:29:36]} 12. Qc2
{[%clk 1:21:08]} Qa5 {[%clk 1:27:58]} 13. Bd2 {[%clk 1:16:37]} Rfb8
{[%clk 1:25:36]} 14. b3 {[%clk 1:16:29]} Bb7 {[%clk 1:15:54]} 15. a4
{[%clk 1:05:34]} Qb6 {[%clk 1:15:41]} 16. h3 {[%clk 1:01:22]} Nge5
{[%clk 1:14:31]} 17. Ne1 {[%clk 1:01:34]} Ba6 {[%clk 1:12:27]} 18. Kh2
{[%clk 1:00:40]} f5 {[%clk 1:05:11]} 19. f4 {[%clk 0:58:16]} Nf7 {[%clk 1:05:39]}
20. Nd3 {[%clk 0:58:00]} Nf6 {[%clk 1:04:01]} 21. Rfe1 {[%clk 0:53:19]} Kh8
{[%clk 0:44:20]} 22. e4 {[%clk 0:36:41]} fxe4 {[%clk 0:40:29]} 23. Nxe4
{[%clk 0:36:45]} Ra7 {[%clk 0:40:10]} 24. Ng5 {[%clk 0:33:09]} Nxg5
{[%clk 0:36:58]} 25. fxg5 {[%clk 0:33:33]} Bxd3 {[%clk 0:37:21]} 26. Qxd3
{[%clk 0:33:23]} Nd7 {[%clk 0:37:44]} 27. Qc2 {[%clk 0:27:59]} Be5
{[%clk 0:33:42]} 28. b4 {[%clk 0:20:17]} Qa6 {[%clk 0:29:59]} 29. bxc5
{[%clk 0:19:01]} Rxb1 {[%clk 0:30:22]} 30. Rxb1 {[%clk 0:19:14]} Nxc5
{[%clk 0:30:40]} 31. Rb8+ {[%clk 0:18:55]} Kg7 {[%clk 0:31:08]} 32. Bc3
{[%clk 0:19:06]} Nd7 {[%clk 0:29:15]} 33. Bxe5+ {[%clk 0:19:07]} Nxe5
{[%clk 0:29:42]} 34. Qf2 {[%clk 0:18:21]} Nf7 {[%clk 0:29:49]} 35. Qd4+
{[%clk 0:14:10]} Ne5 {[%clk 0:30:18]} 36. Qc3 {[%clk 0:14:05]} Ra8
{[%clk 0:29:09]} 37. Rxa8 {[%clk 0:09:43]} Qxa8 {[%clk 0:29:38]} 38. Qc7
{[%clk 0:09:45]} Kf7 {[%clk 0:28:44]} 39. a5 {[%clk 0:09:55]} Qa6
{[%clk 0:29:12]} 40. Qc3 {[%clk 0:36:03]} Qe2 {[%clk 0:59:08]} 41. Qc1
{[%clk 0:24:26]} Ke8 {[%clk 0:57:10]} 42. Qf1 {[%clk 0:24:26]} Qxf1
{[%clk 0:55:56]} 43. Bxf1 {[%clk 0:24:51]} Kd8 {[%clk 0:56:23]} 44. Kg2
{[%clk 0:20:14]} Kc7 {[%clk 0:56:51]} 45. h4 {[%clk 0:19:34]} Ng4
{[%clk 0:56:31]} 46. Bd3 {[%clk 0:19:10]} Ne3+ {[%clk 0:56:45]} 47. Kf3
{[%clk 0:19:13]} Nxd5 {[%clk 0:57:13]} 48. h5 {[%clk 0:18:36]} gxh5
{[%clk 0:45:50]} 49. Bxh7 {[%clk 0:15:56]} e5 {[%clk 0:36:17]} 50. g6
{[%clk 0:14:48]} e4+ {[%clk 0:36:41]} 51. Ke2 {[%clk 0:13:19]} h4
{[%clk 0:32:35]} 52. g7 {[%clk 0:10:35]} Nf6 {[%clk 0:32:49]} 53. gxh4
{[%clk 0:10:59]} 1-0